000
00276nam a2200121Ia 4500
008
190216s9999||||xx |||||||||||||| ||und||
100
_a
Agrawal P K
245
0
_a
Iit Physics
260
_b
Krishna Prakashan Media
_c
1997
300
_a
1961p
650
_a
Physics
942
_c
REF
999
_c
36392
_d
36392